00393nam a2200181Ia 4500003000900000008004100009040001300050040001300063041000800076100002000084245004000104250001200144260002100156260000900177300000800186490001100194490000600205IT-RoPAU120407s9999 xx 000 0 und d aIT-RoPAU cIT-RoPAU aita aLorenzo Scupoli aIl combattimento spirituale. 3a ed. aPescara aEdizioni Paoline c1960 c cm aUt in. v1